| 000 | 00000nam 2200000za 4500 |
| 001 | 9.807576 |
| 003 | CaOODSP |
| 005 | 20240527135429 |
| 007 | ta |
| 008 | 151211s2016 nuca f000 0 iku d |
| 020 | |a978-0-660-04000-4|z978-1-100-23212-6 |
| 040 | |aCaOODSP|beng |
| 041 | |aeng|aiku |
| 043 | |an-cn-nu |
| 086 | 1 |aCW66-373/2014ES|zCW66-373/2014S|zCW66-373/2014E-PDF |
| 245 | 00|aPolar Bear Pass National Wildlife Area. |
| 260 | |aIqaluit, Nunavut : |bEnvironment Canada, Prairie and Northern Region, Canadian Wildlife Service, |cc2016. |
| 300 | |a1 folded sheet ([5 p.]) : |bill. ; |c22 cm. |
| 500 | |aTitle from cover. |
| 546 | |aText in English and Inuktitut on inverted pages. |
| 692 | 07|2gccst|aWildlife management |
| 692 | 07|2gccst|aConservation areas |
| 710 | 2 |aCanadian Wildlife Service. |
| 775 | 08|tPolar Bear Pass National Wildlife Area.|w(CaOODSP)9.828368 |
| 775 | 08|tRéserve nationale de faune de Polar Bear Pass.|w(CaOODSP)9.828370 |
| 776 | 0#|tPolar Bear Pass National Wildlife Area |w(CaOODSP)9.807578 |
| 776 | 0#|tPolar Bear Pass National Wildlife Area |w(CaOODSP)9.698850 |
| 792 | |tRéserve nationale de faune de Polar Bear Pass |efre|w(CaOODSP)9.807577 |